| 000 | 00806nam a2200253 i 4500 | ||
|---|---|---|---|
| 001 | 54669 | ||
| 003 | ES-MaACL | ||
| 005 | 20231228191702.0 | ||
| 007 | t| | ||
| 008 | 930108s1990 sp ||||0| spa d | ||
| 016 | 7 | _zSIC92019189 | |
| 020 | _a84-87252-64-8 | ||
| 040 |
_aM-BN _bspa _cSIC |
||
| 080 | _a929 Rey Pastor, Julio | ||
| 080 | _a51 Rey Pastor, Julio | ||
| 245 | 0 | 0 |
_aEstudios sobre Julio Rey Pastor (1888-1962) / _cLuis Español González, ed. |
| 260 |
_aLogroño : _bInstituto de Estudios Riojanos, _c1990. |
||
| 300 |
_a409 p ; _c24 cm. |
||
| 504 | _aBibliografía. Indice. | ||
| 600 | 1 | 4 |
_aRey Pastor, Julio, _d1888-1962 _996535 |
| 700 | 1 |
_aEspañol González, Luis. _947770 |
|
| 852 |
_aES-MaACL _jL-26773 _z. - Donat. Ernesto García Camarero |
||
| 999 |
_c54669 _d54669 |
||